Normal view
MARC view
- اللغة العربية-النحو-الفروع الفقهية
Entry Topical Term
001 - CONTROL NUMBER
- control field: 24330
003 - CONTROL NUMBER IDENTIFIER
- control field: JO-AjAnu
005 - DATE AND TIME OF LATEST TRANSACTION
- control field: 20230606074155.0
008 - FIXED-LENGTH DATA ELEMENTS
- fixed length control field: 230606|| aca||aabn | a|a d
040 ## - CATALOGING SOURCE
- Original cataloging agency: JO-AjAnu
- Transcribing agency: JO-AjAnu
150 ## - HEADING--TOPICAL TERM
- Topical term or geographic name entry element: اللغة العربية-النحو-الفروع الفقهية
670 ## - SOURCE DATA FOUND
- Source citation: Work cat.: (JO-AjAnu)12509: تاليف السنوي،جمال الدين؛حققه محمد حسن عواد, author 24329, الكوكب الدري فيما يتخرج على الأصول النحوية من الفروع الفقهية، القسم الاول